000 00834cam a2200265 a 4500
999 _c20027
_d20027
001 16732593
003 BDDh-ASL
005 20231015025833.0
008 110412s19491951mdu 000 0 eng
010 _a 2011656426
040 _aDLC
_cDLC
_dBDDh-ASL
042 _apcc
050 0 0 _aPR5363
_b.A15 1951
082 _a220
_bBEA
100 1 _aShaw, Bernard,
_d1856-1950.
245 1 0 _aAndrocles and the lion :
_ban old fable renovated /
_cby Bernard Shaw.
260 _aBaltimore :
_bPenguin Books,
_c1949.
300 _a159 p. ;
_c18 cm.
490 0 _aPenguin books ;
_v5
561 _5DLC
710 2 _aRouben Mamoulian Collection (Library of Congress)
_5DLC
906 _a7
_bcbc
_corignew
_d2
_encip
_f20
_gy-gencatlg
942 _2ddc
_cBK